Khara nadīra srote. (Record no. 57528)

MARC details
000 -LEADER
fixed length control field 00472cam a22002051 4500
001 - CONTROL NUMBER
control field sa 64002827
003 - CONTROL NUMBER IDENTIFIER
control field DLC
005 - DATE AND TIME OF LATEST TRANSACTION
control field 20260227112012.0
008 - FIXED-LENGTH DATA ELEMENTS--GENERAL INFORMATION
fixed length control field 881028s1963 xx 000 0 beno
010 ## - LIBRARY OF CONGRESS CONTROL NUMBER
LC control number sa 64002827
035 ## - SYSTEM CONTROL NUMBER
System control number (OCoLC)23545872
040 ## - CATALOGING SOURCE
Original cataloging agency DLC
Transcribing agency MiU
Modifying agency DLC
042 ## - AUTHENTICATION CODE
Authentication code premarc
050 00 - LIBRARY OF CONGRESS CALL NUMBER
Classification number PK1718.D37
Item number K5
100 1# - MAIN ENTRY--PERSONAL NAME
Personal name Datta, Sunil.
245 10 - TITLE STATEMENT
Title Khara nadīra srote.
260 ## - PUBLICATION, DISTRIBUTION, ETC.
Date of publication, distribution, etc. [1963]
300 ## - PHYSICAL DESCRIPTION
Extent 117 p.
Dimensions 19 cm.
500 ## - GENERAL NOTE
General note Romanized.

No items available.

Powered by Koha